History Quiz

Random History or Nation Quiz

US History Bunker Quiz Stats

 Plays Quiz Updated Nov 25, 2015

Support Sporcle.
Go Orange.
Score 0/15 Timer 07:00
51 Plays Today
Question Answer % Correct
????
100%
????
98.5%
????
97.3%
????
89.7%
????
78.3%
????
70.1%
????
68.4%
????
51.7%
Question Answer % Correct
????
39.9%
????
31.7%
????
30.4%
????
18.2%
????
13%
????
9.5%
????
5.6%

You're not logged in!

Compare scores with friends on all Sporcle quizzes.
OR
Log In
Remove Ads.
Support Sporcle.
Get the best of Sporcle when you Go Orange. This ad-free experience offers more features, more stats, and more fun while also helping to support Sporcle. Thank you for becoming a member.

Show Comments

Extras

Top Quizzes Today


Score Distribution

Your Account Isn't Verified!

In order to create a playlist on Sporcle, you need to verify the email address you used during registration. Go to your Sporcle Settings to finish the process.

Report this User

Report this user for behavior that violates our Community Guidelines.

Details: